Senna (Leguminosae-Caesalpinioideae) in Minas Gerais state, Brazil (Registro n. 338085)
[ somente texto ]
| 000 -LÍDER | |
|---|---|
| fixed length control field | 03268nab a2200253 i 4500 |
| 003 - CÓDIGO MARC DA AGÊNCIA CATALOGADORA | |
| Campo de controle | BR-BrBNA |
| 005 - DATA E HORA DA ÚLTIMA ATUALIZAÇÃO | |
| Campo de controle | 20250909151703.0 |
| 008 - CAMPO DE TAMANHO FIXO | |
| fixed length control field | 250909b2021 bl.ar|pooa||| 00| 0 eng | |
| 040 ## - FONTE DA CATALOGAÇÃO | |
| Agência catalogadora | BR-BrBNA |
| Idioma da catalogação | eng |
| 072 ## - CATEGORIA AGRIS | |
| Código AGRIS | F70 |
| 100 ## - ENTRADA PRINCIPAL - NOME PESSOAL | |
| Nome pessoal | Oliveira, Letícia das Graças Rosignoli de |
| 100 ## - ENTRADA PRINCIPAL - NOME PESSOAL | |
| Nome pessoal | Garcia, Flávia Cristina Pinto |
| 245 ## - TÍTULO PRINCIPAL | |
| Título principal | Senna (Leguminosae-Caesalpinioideae) in Minas Gerais state, Brazil |
| 500 ## - NOTA GERAL | |
| Nota geral | Publicação on-line; 19 ref.; 1 table; 16 illus.; Summaries (En, Pt) |
| 942 ## - ADDED ENTRY ELEMENTS (KOHA) | |
| Koha item type | Analítica |
| 520 ## - NOTA DE RESUMO | |
| Nota de conteúdo | <br/><br/>Abstract<br/><br/>Senna comprises about 350 species worldwide, of which 80 species occur in Brazil. This work brings an<br/>update taxonomic treatment of Senna species in the state of Minas Gerais, the second most diverse state for<br/>the genus, through the morphological analysis of about 2,348 specimens from herbaria and fieldwork. Thirtysix <br/>species and 29 varieties were recognized, including 34 native species and 2 cultivated species. Of the 39<br/>species reported in literature for the state, but 4 species were excluded from the list produced. The occurrence<br/>of Senna acuruensis was confirmed; S. macranthera var. striata and S. pilifera var. tubata are new records,<br/>and S. hirsuta var. acuminata is endemic to Minas Gerais. There are 28 species in the Cerrado, 26 species in<br/>the Atlantic Forest and 20 species in the Caatinga. The distribution of Senna pentagonia var. pentagonia is<br/>extended to include the Atlantic Forest. Identification keys, descriptions, illustrations, taxonomic comments<br/>and geographic distribution are provided for the species and varities.<br/><br/>Key words: angyosperm, diversity, Fabaceae, floristic, taxonomy.<br/><br/><br/><br/><br/>Resumo<br/><br/>Senna possui cerca de 350 espécies em todo o mundo, sendo 80 no Brasil. Este trabalho realizou o estudo<br/>taxonômico das espécies de Senna ocorrentes no estado de Minas Gerais, o segundo mais diverso para o gênero,<br/>através da análise morfológica de cerca de 2.348 espécimes depositados em herbários e de trabalhos de campo.<br/>Foram reconhecidas 36 espécies e 29 variedades, sendo 34 espécies nativas, duas cultivadas. Na literatura,<br/>39 espécies haviam sido reportadas, mas 4 espécies foram excluídas da listagem produzida. A ocorrência de<br/>Senna acuruensis foi confirmada; S. macranthera var. striata e S. pilifera var. tubata são novos registros para<br/>o estado e S. hirsuta var. acuminata é endêmica de Minas Gearais. Ocorrem 28 spp. no Cerrado, 26 spp. na<br/>Mata Atlântica e 20 spp. na Caatinga. Senna pentagonia var. pentagonia teve sua ocorrência ampliada para<br/>a Mata Atlântica. São fornecidos chave de identificação, descrições, ilustrações, comentários taxonômicos e<br/>distribuição geográfica para as espécies e variedades.<br/><br/>Palavras-chave: angiosperma, diversidade, Fabaceae, florística, taxonomia. |
| 650 ## - ASSUNTO - THESAGRO | |
| Cabeçalho tópico ou nome geográfico | PLANTA ANGIOSPERMA |
| 650 ## - ASSUNTO - THESAGRO | |
| Cabeçalho tópico ou nome geográfico | BIODIVERSIDADE |
| 650 ## - ASSUNTO - THESAGRO | |
| Cabeçalho tópico ou nome geográfico | COMPOSIÇÃO BOTÂNICA |
| 650 ## - ASSUNTO - THESAGRO | |
| Cabeçalho tópico ou nome geográfico | TAXONOMIA |
| 773 0# - ENTRADA ANALÍTICA | |
| Host Biblionumber | 709 |
| Registro do item | 357347 |
| Imprenta | Rio de Janeiro-RJ Jardim Botanico do Rio de Janeiro 1935 |
| Outro identificador | 2025-5311 |
| Título | Rodriguésia (Brazil) |
| ISSN | 0370-6583; 2175-7860 on-line |
| Colação | v. 72 p. 1-57; (2021) |
| Número de controle de registro | BR2025002250 |
| 856 ## - ACESSO E ENDEREÇO ELETRÔNICO | |
| Identificador uniforme de recurso - URI | https://www.scielo.br/j/rod/a/wLCmxXDrHhfppH8HxCvgYJC/?format=pdf&lang=en |
Nenhum exemplar disponível.

BINAGRI